[Event "Mogi das Cruzes op 06"]
[Site "Mogi das Cruzes"]
[Date "2012.06.22"]
[Round "2"]
[White "Deus Filho, Joaquim"]
[Black "Cubas, Jose Fernando"]
[Result "0-1"]
[WhiteElo "2095"]
[BlackElo "2534"]
[PlyCount "68"]
[EventDate "2012.06.22"]
[EventType "swiss"]
[EventRounds "6"]
[EventCountry "BRA"]
[SourceTitle "CBM 149 Extra"]
[Source "ChessBase"]
[SourceDate "2012.08.24"]
[SourceVersion "1"]
[SourceVersionDate "2012.08.24"]
[SourceQuality "1"]

1. e4 c5 2. Nc3 a6 3. g3 b5 4. Bg2 Bb7 5. d3 e6 6. f4 Nc6 7. Nf3 b4 8. Na4 Nf6
9. Be3 Qa5 10. b3 d5 11. Nd2 Be7 12. O-O O-O 13. g4 Nd4 14. g5 Nd7 15. f5 exf5
16. exf5 g6 17. f6 Bd6 18. Bxd4 cxd4 19. Qg4 Qc7 20. Nf3 Ne5 21. Nxe5 Bxe5 22.
Qh4 h5 23. Rae1 Rae8 24. Bf3 Bd6 25. Rc1 Re5 26. Bxh5 gxh5 27. Qxh5 Rfe8 28.
Rf3 Bc8 29. Qh4 Qd7 30. h3 Rf5 31. Nb6 Qe6 32. Rxf5 Qxf5 33. Nxc8 Rxc8 34. Rf1
Qe5 0-1

[Event "Mogi das Cruzes op 06"]
[Site "Mogi das Cruzes"]
[Date "2012.06.23"]
[Round "3"]
[White "Cubas, Jose Fernando"]
[Black "Proudian, Armen"]
[Result "0-1"]
[WhiteElo "2534"]
[BlackElo "2147"]
[PlyCount "64"]
[EventDate "2012.06.22"]
[EventType "swiss"]
[EventRounds "6"]
[EventCountry "BRA"]
[SourceTitle "CBM 149 Extra"]
[Source "ChessBase"]
[SourceDate "2012.08.24"]
[SourceVersion "1"]
[SourceVersionDate "2012.08.24"]
[SourceQuality "1"]

1. e4 e5 2. Nf3 Nc6 3. Bc4 Bc5 4. Nc3 Nf6 5. d3 h6 6. Be3 d6 7. Bxc5 dxc5 8.
Bb5 Qd6 9. Bxc6+ bxc6 10. Nd2 Be6 11. b3 O-O 12. O-O Bg4 13. Qe1 Nd7 14. Nc4
Qe7 15. Qe3 Be6 16. Na5 f5 17. exf5 Rxf5 18. Nxc6 Qd6 19. Qe4 Rc8 20. Nxa7 Rcf8
21. Ncb5 Qe7 22. Nc6 Qf7 23. c4 Nf6 24. Qe3 Ng4 25. Qxc5 Kh8 26. h3 Nxf2 27.
Nxe5 Nxh3+ 28. Kh2 Qh5 29. g4 Nf4+ 30. gxh5 Rxh5+ 31. Kg3 Ne2+ 32. Kg2 Bh3+ 0-1

[Event "Mogi das Cruzes op 06"]
[Site "Mogi das Cruzes"]
[Date "2012.06.23"]
[Round "4"]
[White "Terao, Juliana Sayumi"]
[Black "Cubas, Jose Fernando"]
[Result "0-1"]
[WhiteElo "2187"]
[BlackElo "2534"]
[PlyCount "88"]
[EventDate "2012.06.22"]
[EventType "swiss"]
[EventRounds "6"]
[EventCountry "BRA"]
[SourceTitle "CBM 149 Extra"]
[Source "ChessBase"]
[SourceDate "2012.08.24"]
[SourceVersion "1"]
[SourceVersionDate "2012.08.24"]
[SourceQuality "1"]

1. e4 c5 2. c3 d6 3. d4 Nd7 4. Nf3 e6 5. Bd3 Be7 6. O-O Ngf6 7. h3 Qc7 8. Qe2
a6 9. a4 b6 10. Bf4 Bb7 11. Nbd2 h6 12. e5 Nd5 13. Bh2 cxd4 14. cxd4 dxe5 15.
Rfc1 Qd8 16. dxe5 Nc5 17. Bc4 Nb4 18. Nb3 Nxb3 19. Bxb3 Qd3 20. Bc4 Qxe2 21.
Bxe2 Nd5 22. Nd2 Bg5 23. Rd1 Bxd2 24. Rxd2 Rc8 25. f3 Ke7 26. Bg3 Rc7 27. Bf2
Rhc8 28. Bd3 Rc1+ 29. Rxc1 Rxc1+ 30. Kh2 Kd7 31. Be4 Kc7 32. h4 Bc6 33. Bxd5
Bxd5 34. Kg3 a5 35. h5 Rc4 36. Rd4 Rxd4 37. Bxd4 Bb3 38. Kf4 Bxa4 39. g4 Bd1
40. Be3 Kc6 41. Ke4 b5 42. g5 hxg5 43. Bxg5 Kc5 44. Be7+ Kc4 0-1

[Event "Mogi das Cruzes op 06"]
[Site "Mogi das Cruzes"]
[Date "2012.06.24"]
[Round "5"]
[White "Cubas, Jose Fernando"]
[Black "Dias, Simao Poscidonio"]
[Result "1-0"]
[WhiteElo "2534"]
[BlackElo "2066"]
[PlyCount "57"]
[EventDate "2012.06.22"]
[EventType "swiss"]
[EventRounds "6"]
[EventCountry "BRA"]
[SourceTitle "CBM 149 Extra"]
[Source "ChessBase"]
[SourceDate "2012.08.24"]
[SourceVersion "1"]
[SourceVersionDate "2012.08.24"]
[SourceQuality "1"]

1. e4 c5 2. Nc3 g6 3. f4 Bg7 4. Nf3 Nc6 5. Bb5 Nd4 6. O-O a6 7. Bd3 d6 8. Nxd4
Bxd4+ 9. Kh1 Bg7 10. Qf3 e6 11. f5 Nf6 12. Bc4 O-O 13. d3 exf5 14. exf5 Bxf5
15. Bg5 Qd7 16. Bxf6 Bxf6 17. Nd5 Bd8 18. Ne3 Be6 19. Bxe6 Qxe6 20. Qxb7 Bg5
21. Nc4 Rab8 22. Qxa6 d5 23. Qxe6 fxe6 24. Rxf8+ Kxf8 25. Ne5 Rxb2 26. a4 Rxc2
27. a5 c4 28. d4 Bd8 29. a6 1-0

[Event "Mogi das Cruzes op 06"]
[Site "Mogi das Cruzes"]
[Date "2012.06.24"]
[Round "6"]
[White "Terao, Rodrigo Akira"]
[Black "Cubas, Jose Fernando"]
[Result "1/2-1/2"]
[WhiteElo "2364"]
[BlackElo "2534"]
[PlyCount "124"]
[EventDate "2012.06.22"]
[EventType "swiss"]
[EventRounds "6"]
[EventCountry "BRA"]
[SourceTitle "CBM 149 Extra"]
[Source "ChessBase"]
[SourceDate "2012.08.24"]
[SourceVersion "1"]
[SourceVersionDate "2012.08.24"]
[SourceQuality "1"]

1. e4 e6 2. d4 d5 3. exd5 exd5 4. Bd3 Nc6 5. c3 Bd6 6. Qf3 Nf6 7. h3 h6 8. Ne2
Qe7 9. Bf4 Bxf4 10. Qxf4 Be6 11. Na3 O-O-O 12. O-O-O g5 13. Qe3 Qd7 14. Ng3
Rde8 15. Qf3 Ng8 16. Nc2 Rf8 17. Ne3 Nge7 18. Qf6 Qd6 19. Nh5 Nb8 20. g4 Nd7
21. Qf3 Ng6 22. Nf5 Bxf5 23. Bxf5 Nh4 24. Qd3 Kb8 25. Rhf1 Nf6 26. Nxf6 Qxf6
27. Rde1 Re8 28. Qb5 c6 29. Qd3 Ng2 30. Qg3+ Nf4 31. Re3 Rd8 32. b4 a5 33. a3
axb4 34. axb4 Kc7 35. Rfe1 Ra8 36. Re7+ Kb6 37. Qe3 Ra3 38. Kb2 Rha8 39. Bb1
R3a4 40. Rd7 R8a7 41. Qe7 Qxe7 42. Rexe7 f6 43. Rf7 Ra1 44. Rxf6 Kb5 45. Rxb7+
Rxb7 46. Kxa1 Re7 47. Rxh6 Re2 48. h4 gxh4 49. Rxh4 Rxf2 50. Rh6 Ne2 51. Bd3+
Ka4 52. Bxe2 Rxe2 53. Kb1 Kb3 54. Kc1 Rc2+ 55. Kd1 Rxc3 56. g5 Rg3 57. Rxc6
Rxg5 58. Rc5 Kxb4 59. Kd2 Rg4 60. Rxd5 Kc4 61. Rd7 Rxd4+ 62. Rxd4+ Kxd4 1/2-1/2

[Event "Maringa op 2nd"]
[Site "Maringa"]
[Date "2012.08.08"]
[Round "1"]
[White "Montufar Berrios, Lesly Viviane"]
[Black "Cubas, Jose Fernando"]
[Result "0-1"]
[WhiteElo "1877"]
[BlackElo "2507"]
[PlyCount "76"]
[EventDate "2012.08.08"]
[EventType "swiss"]
[EventRounds "9"]
[EventCountry "BRA"]
[SourceTitle "CBM 149 Extra"]
[Source "ChessBase"]
[SourceDate "2012.08.24"]
[SourceVersion "1"]
[SourceVersionDate "2012.08.24"]
[SourceQuality "1"]

1. c4 e5 2. Nc3 Nf6 3. Nf3 Nc6 4. g3 d5 5. cxd5 Nxd5 6. d3 Be7 7. Bg2 Nb6 8.
O-O O-O 9. a3 Re8 10. b4 Bf8 11. b5 Nd4 12. Nxd4 exd4 13. Ne4 a6 14. bxa6 Rxa6
15. a4 h6 16. a5 Nd5 17. Bd2 f5 18. Nc3 dxc3 19. Bxd5+ Qxd5 20. Bxc3 f4 21. Qd2
Bh3 22. f3 Bxf1 23. Rxf1 Rae6 24. Re1 Bc5+ 25. Kg2 Bd4 26. Bxd4 Qxd4 27. Kf1
fxg3 28. hxg3 h5 29. Qg5 Re5 30. Qg6 R8e6 31. e3 Qd5 32. e4 Qxd3+ 33. Kf2 Rxg6
34. Re3 Qd2+ 35. Re2 Qd4+ 36. Re3 Reg5 37. Ke2 Rxg3 38. Kf1 Qxe3 0-1

[Event "Maringa op 2nd"]
[Site "Maringa"]
[Date "2012.08.09"]
[Round "2"]
[White "Cubas, Jose Fernando"]
[Black "Costa, Samir Hejazi"]
[Result "1-0"]
[WhiteElo "2507"]
[BlackElo "1955"]
[PlyCount "33"]
[EventDate "2012.08.08"]
[EventType "swiss"]
[EventRounds "9"]
[EventCountry "BRA"]
[SourceTitle "CBM 149 Extra"]
[Source "ChessBase"]
[SourceDate "2012.08.24"]
[SourceVersion "1"]
[SourceVersionDate "2012.08.24"]
[SourceQuality "1"]

1. e4 e6 2. Qe2 c5 3. g3 Nc6 4. Bg2 Nd4 5. Qd1 d5 6. c3 Nc6 7. exd5 exd5 8. Ne2
Nf6 9. O-O Be7 10. d4 c4 11. b3 b5 12. a4 bxa4 13. bxc4 Bb7 14. Qxa4 Rc8 15.
Nf4 O-O 16. cxd5 Nb8 17. d6 1-0

[Event "Maringa op 2nd"]
[Site "Maringa"]
[Date "2012.08.09"]
[Round "3"]
[White "Yano, William Jorge Froes"]
[Black "Cubas, Jose Fernando"]
[Result "0-1"]
[WhiteElo "2124"]
[BlackElo "2507"]
[PlyCount "82"]
[EventDate "2012.08.08"]
[EventType "swiss"]
[EventRounds "9"]
[EventCountry "BRA"]
[SourceTitle "CBM 149 Extra"]
[Source "ChessBase"]
[SourceDate "2012.08.24"]
[SourceVersion "1"]
[SourceVersionDate "2012.08.24"]
[SourceQuality "1"]

1. e4 c5 2. Nf3 Nc6 3. Bb5 Nf6 4. Qe2 g6 5. c3 Bg7 6. O-O O-O 7. d4 cxd4 8.
cxd4 d5 9. e5 Ne8 10. h3 Nc7 11. Nc3 Bd7 12. Bd3 Rb8 13. Bf4 Nb4 14. Bb1 b5 15.
a3 Nc6 16. Ba2 e6 17. Rfc1 b4 18. axb4 Rxb4 19. Qd2 Qb8 20. Rab1 Qb6 21. Be3
Rb8 22. b3 Na5 23. Na4 Bxa4 24. bxa4 Na6 25. Qc3 Bf8 26. Bd2 Nc4 27. Be1 Qc6
28. Bb3 Qe8 29. Qd3 R4b7 30. Bxc4 dxc4 31. Qe4 Rxb1 32. Rxb1 Rxb1 33. Qxb1 Qxa4
34. Qb7 h6 35. Qxa7 Qc6 36. Bc3 Nc7 37. Qb8 Nd5 38. Bd2 g5 39. h4 c3 40. Bc1
Qa4 41. Kh2 Qa1 0-1

[Event "Maringa op 2nd"]
[Site "Maringa"]
[Date "2012.08.10"]
[Round "4"]
[White "Cubas, Jose Fernando"]
[Black "Proudian, Armen"]
[Result "1-0"]
[WhiteElo "2507"]
[BlackElo "2223"]
[PlyCount "63"]
[EventDate "2012.08.08"]
[EventType "swiss"]
[EventRounds "9"]
[EventCountry "BRA"]
[SourceTitle "CBM 149 Extra"]
[Source "ChessBase"]
[SourceDate "2012.08.24"]
[SourceVersion "1"]
[SourceVersionDate "2012.08.24"]
[SourceQuality "1"]

1. e4 e5 2. Nf3 Nc6 3. Bc4 Bc5 4. c3 Nf6 5. d3 a6 6. Bb3 O-O 7. Bg5 Ba7 8. Nbd2
d6 9. Nc4 Ne7 10. Ne3 c6 11. Nh4 Be6 12. Qf3 Bxb3 13. Bxf6 gxf6 14. axb3 Ng6
15. Nhf5 Kh8 16. h4 Qd7 17. Ng4 Qe6 18. h5 Ne7 19. Nxe7 Qxe7 20. Nxf6 Qe6 21.
h6 Bb6 22. Rh5 Bd8 23. Rf5 Bxf6 24. Rxf6 Qxb3 25. Rxd6 f5 26. Qg3 Rf7 27. Qxe5+
Kg8 28. exf5 Qxb2 29. Rd1 b5 30. Rd4 Qxc3+ 31. Kf1 Qb3 32. Re1 1-0

[Event "Maringa op 2nd"]
[Site "Maringa"]
[Date "2012.08.10"]
[Round "5"]
[White "Villalba, Marcelo"]
[Black "Cubas, Jose Fernando"]
[Result "0-1"]
[WhiteElo "2243"]
[BlackElo "2507"]
[PlyCount "132"]
[EventDate "2012.08.08"]
[EventType "swiss"]
[EventRounds "9"]
[EventCountry "BRA"]
[SourceTitle "CBM 149 Extra"]
[Source "ChessBase"]
[SourceDate "2012.08.24"]
[SourceVersion "1"]
[SourceVersionDate "2012.08.24"]
[SourceQuality "1"]

1. e4 c5 2. Nf3 Nc6 3. d4 cxd4 4. Nxd4 e5 5. Nb5 d6 6. N1c3 a6 7. Na3 Be6 8.
Nc4 b5 9. Ne3 Nf6 10. f3 Nd4 11. Ne2 Nxe2 12. Bxe2 Qb6 13. a4 Rb8 14. axb5 axb5
15. Qd3 Be7 16. Nd5 Bxd5 17. exd5 Qc5 18. Ra5 O-O 19. Be3 Qb4+ 20. Qc3 Qxc3+
21. bxc3 Nxd5 22. Bd2 Nc7 23. Kf2 d5 24. Rb1 Bc5+ 25. Kf1 Rb6 26. Rb3 Rfb8 27.
Ra7 Ne8 28. g3 Nd6 29. Rc7 Nc4 30. Bxc4 bxc4 31. Rxb6 Bxb6 32. Rc6 Kf8 33. Rd6
f6 34. Rxd5 Rd8 35. Rxd8+ Bxd8 36. Ke2 Ke7 37. f4 exf4 38. Bxf4 Ba5 39. Bd2 Ke6
40. Kf3 Kf5 41. g4+ Ke5 42. Be1 f5 43. h3 g5 44. gxf5 Kxf5 45. Bd2 h5 46. Be1
g4+ 47. hxg4+ hxg4+ 48. Kg3 Bc7+ 49. Kg2 Ke4 50. Bf2 Be5 51. Bb6 Bxc3 52. Kg3
Kf5 53. Bc5 Be5+ 54. Kf2 Ke4 55. Kg2 Bd4 56. Bb4 Be3 57. Kg3 Kf5 58. Bc3 Bf4+
59. Kg2 Ke4 60. Bb2 Bd6 61. Bc1 Be5 62. Bd2 Bf4 63. Bb4 Ke3 64. Kf1 Kf3 65. Be1
Bg3 66. Bb4 Bf2 0-1

[Event "Maringa op 2nd"]
[Site "Maringa"]
[Date "2012.08.11"]
[Round "7"]
[White "Mareco, Sandro"]
[Black "Cubas, Jose Fernando"]
[Result "0-1"]
[WhiteElo "2589"]
[BlackElo "2507"]
[PlyCount "115"]
[EventDate "2012.08.08"]
[EventType "swiss"]
[EventRounds "9"]
[EventCountry "BRA"]
[SourceTitle "CBM 149 Extra"]
[Source "ChessBase"]
[SourceDate "2012.08.24"]
[SourceVersion "1"]
[SourceVersionDate "2012.08.24"]
[SourceQuality "1"]

1. d4 d5 2. c4 c6 3. Nc3 Nf6 4. Nf3 a6 5. c5 Nbd7 6. Bf4 Nh5 7. Bd2 g6 8. h3
Bg7 9. e4 dxe4 10. Nxe4 Ndf6 11. Nc3 Nd5 12. Bc4 Nhf4 13. O-O Be6 14. Ne4 h6
15. Re1 Qc7 16. Ne5 g5 17. Qa4 Bxe5 18. Bxd5 Nxh3+ 19. Kf1 Bxd5 20. dxe5 Bxe4
21. Qxe4 O-O-O 22. Rad1 Nf4 23. Bxf4 gxf4 24. Qxf4 Qa5 25. Qg4+ e6 26. Qc4 Rd5
27. Rxd5 cxd5 28. Qf4 Qxa2 29. Qxf7 d4 30. Rc1 Qd5 31. Kg1 Rd8 32. c6 bxc6 33.
Rd1 Rd7 34. Qf8+ Kb7 35. Rb1 c5 36. b4 d3 37. bxc5+ Ka7 38. Rb4 Qa8 39. Qxa8+
Kxa8 40. Rb1 d2 41. Rd1 Kb7 42. f4 Kc6 43. Kf2 Kxc5 44. Ke3 Kc4 45. f5 exf5 46.
e6 Rd6 47. Rxd2 Rxe6+ 48. Kf4 a5 49. Kxf5 Ra6 50. Rd8 a4 51. Rc8+ Kb4 52. Rb8+
Kc5 53. Rc8+ Kb5 54. Rb8+ Rb6 55. Rd8 Kb4 56. Rc8 a3 57. Rc2 Ra6 58. Rc4+ 0-1

[Event "Maringa op 2nd"]
[Site "Maringa"]
[Date "2012.08.12"]
[Round "8"]
[White "Cubas, Jose Fernando"]
[Black "Gonzalez, Bolivar Ribeiro"]
[Result "1-0"]
[WhiteElo "2507"]
[BlackElo "2257"]
[PlyCount "103"]
[EventDate "2012.08.08"]
[EventType "swiss"]
[EventRounds "9"]
[EventCountry "BRA"]
[SourceTitle "CBM 149 Extra"]
[Source "ChessBase"]
[SourceDate "2012.08.24"]
[SourceVersion "1"]
[SourceVersionDate "2012.08.24"]
[SourceQuality "1"]

1. e4 c5 2. Nf3 d6 3. d4 cxd4 4. Nxd4 Nf6 5. Nc3 a6 6. Bc4 e6 7. Bb3 Nbd7 8.
Bg5 Nc5 9. f4 Be7 10. Qf3 Qc7 11. O-O O-O 12. f5 Bd7 13. Kh1 b5 14. a3 Rab8 15.
Ba2 b4 16. axb4 Rxb4 17. fxe6 fxe6 18. Nf5 Be8 19. Qg3 Bg6 20. e5 dxe5 21.
Nxe7+ Qxe7 22. Qxe5 Rf7 23. Rae1 Qc7 24. Bxe6 Qxe5 25. Bxf7+ Bxf7 26. Rxe5 Ncd7
27. Bxf6 Nxf6 28. b3 h6 29. h3 Rb6 30. Ne4 Ne8 31. Rd1 Kh7 32. Rd8 Nf6 33.
Nxf6+ Rxf6 34. Rf8 Rf1+ 35. Kh2 g6 36. Re7 Kg7 37. Ra8 Rf6 38. Rea7 Rc6 39. c4
Rb6 40. Rd7 h5 41. c5 Rf6 42. Raa7 g5 43. c6 Rxc6 44. Rxf7+ Kg6 45. Rg7+ Kh6
46. Rh7+ Kg6 47. Rag7+ Kf6 48. Rh6+ Kxg7 49. Rxc6 a5 50. Kg3 Kh7 51. Kf3 Kg7
52. Ke4 1-0

[Event "Maringa op 2nd"]
[Site "Maringa"]
[Date "2012.08.12"]
[Round "9"]
[White "Cubas, Jose Fernando"]
[Black "Mekhitarian, Krikor Sevag"]
[Result "1/2-1/2"]
[WhiteElo "2507"]
[BlackElo "2511"]
[PlyCount "45"]
[EventDate "2012.08.08"]
[EventType "swiss"]
[EventRounds "9"]
[EventCountry "BRA"]
[SourceTitle "CBM 149 Extra"]
[Source "ChessBase"]
[SourceDate "2012.08.24"]
[SourceVersion "1"]
[SourceVersionDate "2012.08.24"]
[SourceQuality "1"]

1. e4 e5 2. Nf3 Nc6 3. Bc4 Bc5 4. c3 Nf6 5. d3 a6 6. Bb3 Ba7 7. O-O d6 8. Nbd2
O-O 9. h3 h6 10. Re1 Re8 11. Nf1 Be6 12. Ng3 Bxb3 13. axb3 d5 14. Qe2 Qd7 15.
Nh4 Rad8 16. Nhf5 dxe4 17. dxe4 Qd3 18. Be3 Qxe2 19. Rxe2 Bxe3 20. Nxe3 Rd3 21.
Kf1 Red8 22. Ke1 g6 23. f3 1/2-1/2

[Event "Istanbul ol (Men) 40th"]
[Site "Istanbul"]
[Date "2012.08.28"]
[Round "1.2"]
[White "Cubas, Jose Fernando"]
[Black "Volpinari, Danilo"]
[Result "1-0"]
[WhiteElo "2507"]
[BlackElo "2025"]
[PlyCount "77"]
[EventDate "2012.08.28"]
[EventType "team-swiss"]
[EventRounds "11"]
[EventCountry "TUR"]
[SourceTitle "CBM 151"]
[Source "ChessBase"]
[SourceDate "2012.11.13"]
[SourceVersion "1"]
[SourceVersionDate "2012.11.13"]
[SourceQuality "1"]
[WhiteTeam "Paraguay"]
[BlackTeam "San Marino"]
[WhiteTeamCountry "PAR"]
[BlackTeamCountry "SMR"]

1. e4 c5 2. Nf3 g6 3. d4 cxd4 4. Nxd4 Bg7 5. Nc3 Nc6 6. Nb3 Bxc3+ 7. bxc3 Nf6
8. Bh6 Nxe4 9. Qe2 d5 10. f3 Nd6 11. O-O-O Be6 12. Nc5 Qa5 13. Nxe6 Qa3+ 14.
Kb1 fxe6 15. Qxe6 Qxc3 16. Rd3 Qe5 17. Qxe5 Nxe5 18. Rxd5 Nc6 19. g3 O-O-O 20.
Bh3+ Kc7 21. Bf4 Rhf8 22. Rhd1 h6 23. Bg4 g5 24. Bc1 Nc4 25. f4 Rxd5 26. Rxd5
gxf4 27. gxf4 Rf6 28. Rd7+ Kb6 29. c3 Rd6 30. Kc2 Rxd7 31. Bxd7 Kc7 32. Bg4 Kd6
33. Bc8 b6 34. Kd3 Kc5 35. Be6 b5 36. Bxc4 bxc4+ 37. Ke4 Kd6 38. f5 Kd7 39.
Bxh6 1-0

[Event "Istanbul ol (Men) 40th"]
[Site "Istanbul"]
[Date "2012.08.30"]
[Round "3.2"]
[White "Cubas, Jose Fernando"]
[Black "Croad, Nicholas"]
[Result "1-0"]
[WhiteElo "2507"]
[BlackElo "2255"]
[PlyCount "55"]
[EventDate "2012.08.28"]
[EventType "team-swiss"]
[EventRounds "11"]
[EventCountry "TUR"]
[SourceTitle "CBM 151"]
[Source "ChessBase"]
[SourceDate "2012.11.13"]
[SourceVersion "1"]
[SourceVersionDate "2012.11.13"]
[SourceQuality "1"]
[WhiteTeam "Paraguay"]
[BlackTeam "New Zealand"]
[WhiteTeamCountry "PAR"]
[BlackTeamCountry "NZL"]

1. e4 c5 2. Nf3 d6 3. d4 cxd4 4. Nxd4 Nf6 5. Nc3 Nc6 6. Be2 g6 7. O-O Bg7 8.
Nb3 O-O 9. Bg5 Be6 10. Kh1 Rc8 11. f4 Na5 12. e5 Nxb3 13. axb3 dxe5 14. fxe5
Nd5 15. Nxd5 Bxd5 16. Bg4 Ra8 17. Rf2 Bc6 18. Qxd8 Rfxd8 19. Raf1 Bxe5 20. Rxf7
Bxb2 21. Be6 Kh8 22. h4 Bg7 23. Rxg7 Kxg7 24. Rf7+ Kh8 25. Bxe7 h5 26. Bf6+ Kg8
27. Re7+ Kf8 28. Rh7 1-0

[Event "Istanbul ol (Men) 40th"]
[Site "Istanbul"]
[Date "2012.09.01"]
[Round "5.2"]
[White "Cubas, Jose Fernando"]
[Black "Illescas Cordoba, Miguel"]
[Result "0-1"]
[WhiteElo "2507"]
[BlackElo "2601"]
[Annotator "Illescas Cordoba,M"]
[PlyCount "54"]
[EventDate "2012.08.28"]
[EventType "team-swiss"]
[EventRounds "11"]
[EventCountry "TUR"]
[SourceTitle "EXT 2014"]
[Source "ChessBase"]
[SourceDate "2013.11.20"]
[SourceVersion "1"]
[SourceVersionDate "2013.11.20"]
[SourceQuality "1"]
[WhiteTeam "Paraguy"]
[BlackTeam "Spain"]
[WhiteTeamCountry "PAR"]
[BlackTeamCountry "ESP"]

1. e4 c6 2. d4 d5 3. e5 c5 4. dxc5 Nc6 5. Nf3 Bg4 6. Nbd2 {This is very rare,
but not bad at all.} (6. Bb5 {is the main line here.}) 6... e6 {[%cal Gf8c5]}
7. Nb3 {[%csl Yc5][%cal Gb3c5]} ({Another option was} 7. h3 Bh5 (7... Bxf3 $5
8. Nxf3 Bxc5 {looks not bad either.}) 8. Nb3 Bxc5 9. Nxc5 Qa5+ 10. c3 Qxc5 11.
Be3 Qa5 12. Qb3 Nge7 13. Nd4 Rb8 14. f4 O-O 15. Bd3 Bg6 16. Bxg6 hxg6 17. O-O
b5 18. Nxc6 Nxc6 19. Bc5 Rfc8 20. Bd6 Rb7 21. Kh2 Qb6 22. a4 Na5 23. Qxb5 Qd8
24. Qe2 Nc4 25. Ba3 Rb3 $44 {0-1 Al Modiahki,M (2556)-Svidler,P (2738)/Sochi
2008/CBM 126 (42)}) 7... Bxc5 8. Nxc5 ({Again} 8. h3 $5 Bxf3 9. Qxf3 Bb6 10.
Qg3 $13) 8... Qa5+ 9. c3 ({I had to calculate in advance} 9. Qd2 $6 Qxc5 10.
Qg5 {but it looks simply bad. After} Bxf3 11. Qxg7 {black has a pleasant
choice:} O-O-O (11... Qxc2 12. gxf3 O-O-O 13. Qxf7 (13. Qxh8 Nd4 14. Bb5 Nxf3+
15. Kf1 Qd1+ 16. Kg2 Nh4+ 17. Kh3 Qxh1 18. Kxh4 Qxh2+ 19. Kg5 h6+ 20. Kg4 Nf6+
21. Qxf6 Qg2+ 22. Kh4 Rg8 $19) 13... Nge7 14. Qxe6+ Kb8 $17) 12. gxf3 Nge7 13.
Qxf7 Nd4 $40) 9... Qxc5 10. Be3 Qe7 $1 $146 {[%csl Gb7][%cal Rd1b3,Yb3b7,Ye7b7]
Keeping b7 well protected, thus avoiding the possibility of unpin the knight
on f3.} (10... Qa5 11. Qb3 $1 Nge7 12. Nd4 Nxd4 13. Bxd4 O-O 14. f3 Nc6 15. Qb5
Qxb5 16. Bxb5 Nxd4 17. cxd4 Bf5 18. Kd2 Rac8 19. Rhc1 $14 {1-0 Hillarp Persson,
T (2543)-Rundgren,A (1943)/Oslo 2011/CBM 143 Extra (40)}) 11. Bb5 Qc7 {[%csl
Re5][%cal Gg8e7]} 12. Qa4 ({Maybe better was} 12. O-O Nge7 13. Bc5 Bxf3 14.
Qxf3 Qxe5 $13 {but the compensation is not completely clear, since black keeps
a solid position.}) 12... Bxf3 13. gxf3 Nge7 14. f4 O-O {Now black's position
looks nice to play.} 15. Bc5 Rfc8 16. O-O-O Nf5 17. Bd3 Nce7 $1 {[%csl Yc5,Ge7,
Gf5] This is the way! With a knight on f5, white cannot dream of an attack on
the kingside so he is forced to change one of the bishops.} ({Much worst was} 
17... Nxe5 18. fxe5 Qxc5 19. Bxf5 exf5 20. Qd4 $44) 18. Bxe7 Nxe7 19. Rhg1 b5
$1 {Beatiful move, not too difficult. Black is going to be first on the attack.
} 20. Qc2 $2 ({Good or bad white had to take the pawn. After} 20. Bxb5 {
black has good compensationa and the initiative, i.e.:} Rab8 {[%cal Gb8b2,
Gc7c3]} ({Or maybe} 20... Qb6 21. Rd2 Rab8 22. Bd3 d4 23. c4 Nd5) 21. Rd2 d4 $5
$44) 20... b4 $1 {[%csl Gb4,Rc3,Gc7,Gc8] Of course the h7 pawn is not
important.} 21. Bxh7+ $2 Kf8 {[%cal Gb4c3,Gg7g6]} 22. Rd3 {The problem for
white is that his queen has no way to get close to the enemy king.} ({There
was not good defence anymore:} 22. Bd3 bxc3 23. bxc3 Qa5 24. Kd2 d4 25. Ke2 Nd5
$17) 22... Qc4 $1 {[%csl Ya2,Yf4][%cal Gc4f4,Gc4a2]} 23. Rd4 Qxd4 $1 24. cxd4
g6 $19 {[%csl Rh7] And the bishop is lost. Game over.} 25. Kd2 Rxc2+ 26. Kxc2
Rc8+ 27. Kd3 Kg7 0-1

[Event "Istanbul ol (Men) 40th"]
[Site "Istanbul"]
[Date "2012.09.04"]
[Round "7.1"]
[White "Chipanga, Chiletso"]
[Black "Cubas, Jose Fernando"]
[Result "0-1"]
[WhiteElo "2116"]
[BlackElo "2507"]
[PlyCount "96"]
[EventDate "2012.08.28"]
[EventType "team-swiss"]
[EventRounds "11"]
[EventCountry "TUR"]
[SourceTitle "CBM 151"]
[Source "ChessBase"]
[SourceDate "2012.11.13"]
[SourceVersion "1"]
[SourceVersionDate "2012.11.13"]
[SourceQuality "1"]
[WhiteTeam "Malawi"]
[BlackTeam "Paraguay"]
[WhiteTeamCountry "MWI"]
[BlackTeamCountry "PAR"]

1. d4 Nf6 2. c4 e6 3. Nf3 c5 4. Nc3 cxd4 5. Nxd4 Bb4 6. Qd3 Na6 7. Bg5 h6 8.
Bxf6 Qxf6 9. e3 O-O 10. a3 Nc5 11. Qc2 Bxc3+ 12. Qxc3 b6 13. b4 Ne4 14. Qc2 Bb7
15. Bd3 Nd6 16. O-O Rac8 17. Qe2 e5 18. Nb5 Nxb5 19. cxb5 e4 20. Bc4 d5 21. Bb3
Rc3 22. Qa2 d4 23. exd4 Qxd4 24. Rad1 Rd3 25. Bc2 Rd2 26. Rxd2 Qxd2 27. Rd1 Qg5
28. Bb3 Kh8 29. Qd2 Qxb5 30. Qd7 Qc6 31. Qxc6 Bxc6 32. Rc1 Bb5 33. Rc7 f5 34.
g3 Rd8 35. h4 Be2 36. Rc2 Bf3 37. Kh2 g6 38. g4 Bxg4 39. Rc6 Kg7 40. Bc4 Rd1
41. Kg3 g5 42. Rc7+ Kf6 43. Rc6+ Ke5 44. Rxh6 gxh4+ 45. Rxh4 Bf3 46. Rh2 Rg1+
47. Kh4 Kf4 48. Bb5 Rg6 0-1

[Event "Istanbul ol (Men) 40th"]
[Site "Istanbul"]
[Date "2012.09.05"]
[Round "8.2"]
[White "Orsag, Milan1"]
[Black "Cubas, Jose Fernando"]
[Result "0-1"]
[WhiteElo "2405"]
[BlackElo "2507"]
[PlyCount "50"]
[EventDate "2012.08.28"]
[EventType "team-swiss"]
[EventRounds "11"]
[EventCountry "TUR"]
[SourceTitle "CBM 151"]
[Source "ChessBase"]
[SourceDate "2012.11.13"]
[SourceVersion "1"]
[SourceVersionDate "2012.11.13"]
[SourceQuality "1"]
[WhiteTeam "ICSC"]
[BlackTeam "Paraguay"]
[BlackTeamCountry "PAR"]

1. d4 Nf6 2. Nf3 e6 3. c4 c5 4. e3 a6 5. Nc3 d5 6. a3 dxc4 7. Bxc4 b5 8. Bd3
Bb7 9. O-O Nbd7 10. Qe2 Bd6 11. Rd1 Qb8 12. h3 O-O 13. Bc2 b4 14. dxc5 Bxf3 15.
gxf3 Bh2+ 16. Kg2 bxc3 17. f4 e5 18. c6 Nc5 19. Kxh2 exf4 20. Kg2 f3+ 21. Kxf3
Qh2 22. Qf1 Rac8 23. Qg2 Qe5 24. Qg3 Qh5+ 25. Kg2 Qe2 0-1